• 首页
  • 本馆介绍
  • 公告通知
  • 最新文献
  • 馆藏检索
  • 电子资源
  • 读者导购
  • 参考咨询
  • 我的图书馆
  • 登录
  • 详细信息显示
  • 放入我的书架
  • 预约/预借图书
  • 作者相关作品
  • 分类相关作品
  • 丛书相关作品
  • 出版社相关作品

书目信息

  • 表格格式
  • 工作单格式
  • 卡片格式
题名:
全球化与风险社会
    
 
作者: 薛晓源 , 周战超 主编
分册:  
出版信息: 北京   社会科学文献出版社  2005
页数: 426页
开本: 22cm
丛书名: 全球化论丛
单 册:
中图分类: D81-53
科图分类:
主题词: 国际化--文集 , 统计--文集--方法 , 国际关系
电子资源:
ISBN: 7-80190-434-6
000 00973nam0 2200289 450
001 TS2006025174
005 20070110161913.71
010    @a7-80190-434-6@dCNY33.00
100    @a20060829d2005 emky0chiy0110 ea
101 1  @achi@cmul
102    @aCN@b110000
105    @ay z 000yy
200 1  @a全球化与风险社会@Aquan qiu hua yu feng xian she hui@f薛晓源,周战超主编@FXue Xiao Yuan, Zhou Zhan Chao Zhu Bian
210    @a北京@c社会科学文献出版社@d2005
215    @a426页@d22cm
225 2  @a全球化论丛
308    @a丛书IV
330    @a本书主要内容由什么是风险社会、风险社会理论探究、风险社会与治理、风险社会与生态、风险社会安全研究、风险社会的末来等组成。
410  0 @1001012002025746@12001 @a全球化论丛
606 0  @a国际化@y文集
606    @a统计@y文集@x方法
606 0  @a国际关系
690    @aD81-53@v4
701  0 @a薛晓源@Axue xiao yuan@4主编
701  0 @a周战超@Azhou zhan chao@4主编
801  0 @aCN@b中图数据@c20070110
905    @a10447@dD81-53@e11
    
    全球化与风险社会/薛晓源,周战超主编.-北京:社会科学文献出版社,2005
    426页;22cm.-(全球化论丛)
    
    
    ISBN 7-80190-434-6:CNY33.00
    本书主要内容由什么是风险社会、风险社会理论探究、风险社会与治理、风险社会与生态、风险社会安全研究、风险社会的末来等组成。
●
相关链接 在E读中查询图书 在五车中查询图书 在当当中查询图书 在豆瓣中查询图书


正题名:全球化与风险社会     索取号:D81-53/11         预约/预借

序号 登录号 条形码 馆藏地/架位号 状态 备注
1 0601594   206015943   第一样本阅览室/ [索取号:D81-53/11] 在馆    
2 0601595   206015952   第一借阅区/ [索取号:D81-53/11] 在馆    
3 0601596   206015961   第一借阅区/ [索取号:D81-53/11] 在馆    
4 0601597   206015970   第一借阅区/ [索取号:D81-53/11] 在馆    
5 0601598   206015989   第一借阅区/ [索取号:D81-53/11] 在馆    
唐山师范学院图书馆 欢迎您!
大连网信软件有限公司© 版权所有